00755nam a2200229 a 4500008004100000020001500041050001400056100002400070245011600094250001200210260003100222300002300253350000900276490006300285500003900348650002700387650003100414650002900445650001500474650001700489700001900506120416s1976 ||||||||||||||||| || u a0256017735 aHD 31 Eff aJosefowitz, Natasha10aEffective behavior in organizations : learning from the interplay of cases, concepts, and student experiences / a3rd ed. aSussex:bR. D. Irwinc1976 axxi, 615 p. : ill. a0.00 aThe Irwin series in management and the behavioral sciences aIncludes bibliographies and index. aTEAMS IN THE WORKPLACE aBEHAVIOUR IN ORGANISATIONS aORGANIZATIONAL BEHAVIOUR 0aMANAGEMENT aORGANIZATION aCohen, Allan R